[Event "Bom Jesus do Itabapoana op 1st"]
[Site "Bom Jesus do Itabapoana"]
[Date "2021.08.27"]
[Round "2"]
[White "Dionisio, Alex Monteiro"]
[Black "Dos Reis, Alexandre Magno Per"]
[Result "1/2-1/2"]
[WhiteElo "1800"]
[BlackElo "1934"]
[PlyCount "48"]
[EventDate "2021.08.26"]
[EventType "swiss"]
[EventRounds "6"]
[EventCountry "BRA"]
[SourceTitle "CBM 204 Extra"]
[Source "ChessBase"]
[SourceDate "2021.11.30"]
[SourceVersion "1"]
[SourceVersionDate "2021.11.30"]
[SourceQuality "1"]

1. e4 c5 2. Nf3 Nc6 3. Bb5 e6 4. Bxc6 bxc6 5. b3 d5 6. d3 Be7 7. 0-0 Nf6 8. Qe2 0-0 9. c4 a5 10. Nc3 d4 11. Na4 Nd7 12. Ba3 e5 13. Nd2 Bd6 14. g3 Qg5 15. Rae1 Re8 16. Nf3 Qe7 17. Nh4 g6 18. Qd2 Qe6 19. Qg5 Be7 20. Qh6 Bf8 21. Qg5 Kh8 22. f4 exf4 23. gxf4 Be7 24. Qg3 Bd6 1/2-1/2

[Event "Bom Jesus do Itabapoana op 1st"]
[Site "Bom Jesus do Itabapoana"]
[Date "2021.08.27"]
[Round "3"]
[White "Dos Reis, Alexandre Magno Per"]
[Black "Simas, Breno Matos"]
[Result "0-1"]
[WhiteElo "1934"]
[BlackElo "1655"]
[PlyCount "90"]
[EventDate "2021.08.26"]
[EventType "swiss"]
[EventRounds "6"]
[EventCountry "BRA"]
[SourceTitle "CBM 204 Extra"]
[Source "ChessBase"]
[SourceDate "2021.11.30"]
[SourceVersion "1"]
[SourceVersionDate "2021.11.30"]
[SourceQuality "1"]

1. e4 c6 2. Bc4 d5 3. exd5 cxd5 4. Bb3 Nc6 5. c3 Bf5 6. d4 Nf6 7. Nf3 e6 8. 0-0 Be7 9. Nbd2 0-0 10. Re1 b5 11. Nf1 Rc8 12. Ne3 Bg6 13. Nh4 Qb6 14. Nxg6 hxg6 15. Ng4 b4 16. Bg5 Nxg4 17. Qxg4 Bxg5 18. Qxg5 bxc3 19. bxc3 Na5 20. Rab1 Nxb3 21. Rxb3 Qa5 22. Qd2 Rc4 23. h4 Ra4 24. Re2 Rc8 25. g4 Ra3 26. Rxa3 Qxa3 27. Re3 Rc4 28. h5 gxh5 29. gxh5 Qe7 30. Rg3 Kh7 31. h6 gxh6 32. Qf4 Rc8 33. a4 a5 34. Kf1 f5 35. Re3 Qc7 36. Qh4 Re8 37. Qh5 Qc4+ 38. Re2 Re7 39. Qf3 Qxa4 40. Re1 Qc4+ 41. Kg2 a4 42. Rb1 a3 43. Rb8 Rg7+ 44. Kh3 Qf1+ 45. Kh4 a2 0-1

[Event "Rio de Janeiro Estadual-ch"]
[Site "Rio de Janeiro"]
[Date "2018.05.01"]
[Round "5"]
[White "Dos Reis, Alexandre Magno Per"]
[Black "Alves Jr, Jorge Luiz Barbosa"]
[Result "1-0"]
[WhiteElo "1973"]
[BlackElo "1678"]
[PlyCount "97"]
[EventDate "2018.04.28"]
[EventType "swiss"]
[EventRounds "6"]
[EventCountry "BRA"]
[SourceTitle "CBM 184 Extra"]
[Source "ChessBase"]
[SourceDate "2018.06.28"]
[SourceVersion "1"]
[SourceVersionDate "2018.06.28"]
[SourceQuality "1"]

1. c4 Nf6 2. Nc3 g6 3. g3 Bg7 4. Bg2 d6 5. Nf3 0-0 6. 0-0 e5 7. d3 c6 8. Qc2 Re8 9. Rb1 Nbd7 10. b4 a6 11. a4 h6 12. Nd2 Nf8 13. Nb3 Ne6 14. e3 Bd7 15. Ba3 d5 16. Nc5 b6 17. Nxd7 Qxd7 18. cxd5 cxd5 19. Qb3 Red8 20. b5 a5 21. Rbc1 Rac8 22. Ne2 Bf8 23. Bxf8 Kxf8 24. d4 exd4 25. exd4 Ne4 26. Qe3 N6g5 27. h4 Nh3+ 28. Kh2 Nhxf2 29. Rxf2 Nxf2 30. Qxf2 Rxc1 31. Nxc1 Kg7 32. Nd3 f6 33. Nf4 Qd6 34. Qc2 f5 35. Nxd5 Rd7 36. Qc6 Kf7 37. Nxb6 Qxc6 38. bxc6 Rc7 39. d5 Ke7 40. Nc4 Kd8 41. d6 Ra7 42. Nb6 g5 43. Bh3 g4 44. Bf1 Rg7 45. Ba6 Rc7 46. dxc7+ Kxc7 47. Nd5+ Kxc6 48. Ne7+ Kd6 49. Nxf5+ 1-0

[Event "Rio de Janeiro Estadual-ch"]
[Site "Rio de Janeiro"]
[Date "2018.05.01"]
[Round "6"]
[White "Oliveira, Fernando Ventura"]
[Black "Dos Reis, Alexandre Magno Per"]
[Result "1-0"]
[WhiteElo "2036"]
[BlackElo "1973"]
[PlyCount "83"]
[EventDate "2018.04.28"]
[EventType "swiss"]
[EventRounds "6"]
[EventCountry "BRA"]
[SourceTitle "CBM 184 Extra"]
[Source "ChessBase"]
[SourceDate "2018.06.28"]
[SourceVersion "1"]
[SourceVersionDate "2018.06.28"]
[SourceQuality "1"]

1. e4 c5 2. Nf3 Nc6 3. g3 e6 4. Bg2 Qc7 5. 0-0 Nf6 6. Qe2 d6 7. Rd1 Nd4 8. Nxd4 cxd4 9. c3 dxc3 10. Nxc3 Be7 11. d4 a6 12. Bf4 e5 13. Bg5 Bg4 14. f3 Be6 15. d5 Bd7 16. Rac1 Bd8 17. Be3 Qb8 18. Qf2 b5 19. b3 0-0 20. Rc2 Ba5 21. Rdc1 Rc8 22. h3 b4 23. Nb1 Rxc2 24. Rxc2 Bb5 25. Bf1 Kf8 26. Nd2 Nd7 27. Nc4 Bd8 28. f4 Bxc4 29. Rxc4 f6 30. Rc6 a5 31. h4 Ke7 32. Bh3 a4 33. Bxd7 Kxd7 34. fxe5 axb3 35. Qf5+ Ke8 36. Qe6+ Kf8 37. exf6 Bxf6 38. axb3 Be5 39. Bf4 Qa7+ 40. Kg2 Qa2+ 41. Kh3 Bxf4 42. Rc7 1-0

[Event "Rio de Janeiro Padua Memorial 2nd"]
[Site "Rio de Janeiro"]
[Date "2017.10.12"]
[Round "2"]
[White "Cifuentes Goncalves, Luiz Osvaldo"]
[Black "Dos Reis, Alexandre Magno Per"]
[Result "0-1"]
[WhiteElo "1862"]
[BlackElo "1983"]
[PlyCount "130"]
[EventDate "2017.10.12"]
[EventType "swiss"]
[EventRounds "6"]
[EventCountry "BRA"]
[SourceTitle "CBM 181 Extra"]
[Source "ChessBase"]
[SourceDate "2017.12.12"]
[SourceVersion "1"]
[SourceVersionDate "2017.12.12"]
[SourceQuality "1"]

1. e4 e5 2. Nf3 Nc6 3. Bc4 Be7 4. 0-0 d6 5. a4 Nf6 6. d3 0-0 7. h3 Bd7 8. c3 Qc8 9. Re1 Na5 10. Ba2 Be6 11. b4 Bxa2 12. Rxa2 Nc6 13. Nbd2 b6 14. Nf1 a5 15. b5 Nd8 16. Ng3 Re8 17. d4 Bf8 18. Bg5 Nd7 19. Rd2 f6 20. Be3 g6 21. Nh2 Bg7 22. Ng4 Nf8 23. dxe5 fxe5 24. Bh6 Nf7 25. Bxg7 Kxg7 26. Ne3 Ne6 27. Nd5 Nf4 28. c4 Ng5 29. Re3 Rf8 30. h4 Nge6 31. Qg4 h5 32. Qd1 Rf7 33. Ne2 Nxe2+ 34. Rexe2 Qd7 35. g3 Raf8 36. Re3 Nc5 37. Kg2 Ne6 38. f3 Qd8 39. Red3 Kg8 40. Nxb6 g5 41. Nd5 gxh4 42. Ne3 Qg5 43. Nf5 Nf4+ 44. Kh1 hxg3 45. Nxg3 Qxg3 46. Re3 Rg7 47. Re1 Nd3 48. Rf1 Rf4 49. Rh2 Rh4 50. Qd2 Nf4 51. c5 Rxh2+ 52. Qxh2 dxc5 53. Qxg3 Rxg3 54. Rc1 Ne6 55. Rc3 Kf7 56. Kh2 Rg8 57. Rd3 Rd8 58. Rb3 Rd4 59. b6 cxb6 60. Rxb6 Rxa4 61. Kh3 Ra3 62. Kg3 Nd4 63. Kh4 Rxf3 64. Rh6 a4 65. Ra6 a3 0-1

[Event "Rio de Janeiro zt RJ"]
[Site "Rio de Janeiro"]
[Date "2017.09.03"]
[Round "4"]
[White "Noseda, Francesco"]
[Black "Dos Reis, Alexandre Magno Per"]
[Result "1-0"]
[WhiteElo "1965"]
[BlackElo "2001"]
[PlyCount "61"]
[EventDate "2017.09.02"]
[EventType "swiss"]
[EventRounds "6"]
[EventCountry "BRA"]
[SourceTitle "CBM 180 Extra"]
[Source "ChessBase"]
[SourceDate "2017.10.06"]
[SourceVersion "1"]
[SourceVersionDate "2017.10.06"]
[SourceQuality "1"]

1. d4 Nf6 2. Bf4 e6 3. Nf3 d5 4. e3 Be7 5. c3 0-0 6. Nbd2 Nbd7 7. Bd3 c5 8. Ne5 Nxe5 9. dxe5 Nd7 10. h4 Re8 11. Bxh7+ Kxh7 12. Qh5+ Kg8 13. Nf3 g6 14. Qg4 Kg7 15. 0-0-0 f5 16. exf6+ Nxf6 17. Be5 Rg8 18. h5 Kf8 19. Qf4 Ke8 20. hxg6 b5 21. g4 Bb7 22. g5 Ne4 23. Bc7 Rf8 24. Bxd8 Rxf4 25. exf4 Rxd8 26. Rh8+ Kd7 27. Rxd8+ Kxd8 28. g7 Nxf2 29. g8Q+ Kd7 30. Ne5+ Kc7 31. Qxe6 1-0

[Event "Rio de Janeiro Andrade Memorial 1st"]
[Site "Rio de Janeiro"]
[Date "2017.06.18"]
[Round "6"]
[White "Guimaraes, Wagner Peixoto"]
[Black "Dos Reis, Alexandre Magno Per"]
[Result "1-0"]
[WhiteElo "2182"]
[BlackElo "1987"]
[PlyCount "93"]
[EventDate "2017.06.15"]
[EventType "swiss"]
[EventRounds "6"]
[EventCountry "BRA"]
[SourceTitle "EXT 2018"]
[Source "ChessBase"]
[SourceDate "2017.10.13"]
[SourceVersion "1"]
[SourceVersionDate "2017.10.13"]
[SourceQuality "1"]

1. e4 e5 2. Nf3 Nc6 3. Bb5 a6 4. Ba4 Nf6 5. d4 b5 6. Bb3 Nxd4 7. Nxd4 exd4 8. e5 Qe7 9. 0-0 Ng8 10. Bg5 Qxg5 11. Qf3 Nh6 12. Qxa8 Kd8 13. a4 Bc5 14. axb5 axb5 15. Qd5 d6 16. Ra8 Re8 17. exd6 Qxd5 18. Bxd5 cxd6 19. Bb7 Kc7 20. Rxc8+ Rxc8 21. Bxc8 Kxc8 22. Nd2 Kd7 23. Nf3 Nf5 24. Rd1 h5 25. c3 dxc3 26. bxc3 Kc6 27. Kf1 f6 28. h4 b4 29. cxb4 Bxb4 30. Nd4+ Nxd4 31. Rxd4 Kc5 32. Rd1 Bc3 33. Rb1 Kc4 34. Ke2 d5 35. Rb7 f5 36. Rc7+ Kb3 37. Kd3 Bf6 38. g3 Kb4 39. Rc8 f4 40. Rh8 fxg3 41. fxg3 Be5 42. Rxh5 Bxg3 43. Rg5 Bd6 44. Rxg7 Kc5 45. h5 Be5 46. Rg8 Bf4 47. Rg6 1-0

[Event "Rio de Janeiro Andrade Memorial 1st"]
[Site "Rio de Janeiro"]
[Date "2017.06.18"]
[Round "5"]
[White "Lima, Juarez Antonio A de"]
[Black "Dos Reis, Alexandre Magno Per"]
[Result "0-1"]
[WhiteElo "1897"]
[BlackElo "1987"]
[PlyCount "164"]
[EventDate "2017.06.15"]
[EventType "swiss"]
[EventRounds "6"]
[EventCountry "BRA"]
[SourceTitle "EXT 2018"]
[Source "ChessBase"]
[SourceDate "2017.10.13"]
[SourceVersion "1"]
[SourceVersionDate "2017.10.13"]
[SourceQuality "1"]

1. d4 Nf6 2. Nf3 g6 3. Nc3 d5 4. e3 Bg7 5. Be2 a6 6. Nb1 0-0 7. 0-0 Nbd7 8. c4 dxc4 9. Bxc4 b5 10. Be2 Bb7 11. Bd2 c5 12. b4 c4 13. Nc3 Ne4 14. Ne1 Nxc3 15. Bxc3 Qc7 16. Bf3 Nb6 17. Qc2 Rad8 18. Bxb7 Qxb7 19. Nf3 Nd5 20. Rad1 Nxc3 21. Qxc3 Qe4 22. Rfe1 Rd5 23. Rd2 Rfd8 24. Red1 g5 25. Ne1 g4 26. Kh1 e5 27. f3 gxf3 28. gxf3 Qh4 29. Rg2 exd4 30. exd4 Rxd4 31. Rc1 Kf8 32. Rcc2 Qxe1+ 33. Qxe1 Rd1 34. Rce2 Rxe1+ 35. Rxe1 Rd3 36. Rge2 Bc3 37. Re8+ Kg7 38. Rb1 Rxf3 39. Ra8 Rf6 40. Rc8 Bd2 41. a4 c3 42. axb5 axb5 43. Kg2 Rf4 44. Rf1 Rxb4 45. Rc7 Rc4 46. Rcxf7+ Kg6 47. R1f6+ Kg5 48. Rf5+ Kg6 49. R7f6+ Kg7 50. Rf7+ Kg6 51. R5f6+ Kg5 52. Rf3 Rg4+ 53. Kf2 h6 54. h3 Re4 55. Rg3+ Kh5 56. Rf5+ Kh4 57. Rxc3 Bxc3 58. Rxb5 Bd4+ 59. Kg2 Rf4 60. Rd5 Rf2+ 61. Kg1 Rd2+ 62. Kf1 Rf2+ 63. Ke1 Rf4 64. Ke2 Bf6 65. Ke3 Bg5 66. Ke2 Kxh3 67. Rd3+ Kg2 68. Rd5 Re4+ 69. Kd1 Re7 70. Rf5 Kg3 71. Rf1 Kg2 72. Rf5 Kh3 73. Rf3+ Kg4 74. Rf1 Bh4 75. Kd2 h5 76. Rb1 Bg5+ 77. Kd3 Bf4 78. Rg1+ Bg3 79. Rb1 h4 80. Rb6 Kf3 81. Rh6 Rd7+ 82. Kc2 Kg2 0-1

[Event "Praia do Morro Guarapari op"]
[Site "Praia do Morro"]
[Date "2017.04.16"]
[Round "5"]
[White "Alves, Alessandro Cunha"]
[Black "Dos Reis, Alexandre Magno Per"]
[Result "1/2-1/2"]
[WhiteElo "1852"]
[BlackElo "2021"]
[PlyCount "62"]
[EventDate "2017.04.14"]
[EventType "swiss"]
[EventRounds "6"]
[EventCountry "BRA"]
[SourceTitle "CBM 177 Extra"]
[Source "ChessBase"]
[SourceDate "2017.04.27"]
[SourceVersion "1"]
[SourceVersionDate "2017.04.27"]
[SourceQuality "1"]

1. d4 Nf6 2. c4 g6 3. Nc3 d5 4. cxd5 Nxd5 5. e4 Nxc3 6. bxc3 Bg7 7. Nf3 c5 8. Be3 Qa5 9. Qb3 Nc6 10. Bb5 0-0 11. Bxc6 bxc6 12. 0-0 Ba6 13. Rfe1 Rab8 14. Qc2 Rfd8 15. Rab1 h6 16. Bf4 Rxb1 17. Rxb1 cxd4 18. cxd4 Bb5 19. Bd2 Qa6 20. Be3 Bd3 21. Qb3 Bxb1 22. Qxb1 Qb5 23. Qc1 Kh7 24. h3 Rb8 25. Kh2 Rb7 26. Bf4 Rb6 27. Qa3 Bf8 28. Qxa7 Ra6 29. Qd7 Qe2 30. Qe8 Bg7 31. Qxf7 Ra8 1/2-1/2

[Event "Rio de Janeiro Estadual Mestres op"]
[Site "Rio de Janeiro"]
[Date "2016.05.28"]
[Round "4"]
[White "Manzi, Luiz Antonio Bardao"]
[Black "Dos Reis, Alexandre Magno Per"]
[Result "1/2-1/2"]
[WhiteElo "2002"]
[BlackElo "1952"]
[PlyCount "62"]
[EventDate "2016.05.26"]
[EventType "swiss"]
[EventRounds "6"]
[EventCountry "BRA"]
[SourceTitle "CBM 172 Extra"]
[Source "ChessBase"]
[SourceDate "2016.06.21"]
[SourceVersion "1"]
[SourceVersionDate "2016.06.21"]
[SourceQuality "1"]

1. d4 Nf6 2. c4 g6 3. Nc3 Bg7 4. e4 d6 5. Nf3 0-0 6. Be2 e5 7. 0-0 Nc6 8. d5 Ne7 9. Ne1 Ne8 10. Be3 f5 11. f3 f4 12. Bf2 g5 13. a4 Rf7 14. c5 Nf6 15. cxd6 cxd6 16. Nb5 a6 17. Na3 h5 18. Nc4 Bh6 19. Nb6 Rb8 20. Rc1 Rg7 21. Nxc8 Rxc8 22. Rxc8 Qxc8 23. Nd3 g4 24. Bh4 Bg5 25. Bxg5 Rxg5 26. Qb3 gxf3 27. Bxf3 Ng6 28. Rc1 Qd7 29. Qc4 Nh4 30. Qc8+ Qxc8 31. Rxc8+ Kh7 1/2-1/2

[Event "Rio de Janeiro Borensztajn op 3rd"]
[Site "Rio de Janeiro"]
[Date "2015.06.27"]
[Round "5"]
[White "Chang, Suzana"]
[Black "Dos Reis, Alexandre Magno Per"]
[Result "1-0"]
[WhiteElo "2057"]
[BlackElo "1931"]
[PlyCount "83"]
[EventDate "2015.06.25"]
[EventType "swiss"]
[EventRounds "7"]
[EventCountry "BRA"]
[SourceTitle "CBM 167 Extra"]
[Source "ChessBase"]
[SourceDate "2015.09.14"]
[SourceVersion "1"]
[SourceVersionDate "2015.09.14"]
[SourceQuality "1"]

1. d4 f5 2. g3 Nf6 3. Bg2 e6 4. c4 d5 5. Nh3 c6 6. Qc2 Bb4+ 7. Bd2 Qa5 8. 0-0 0-0 9. a3 Bxd2 10. Nxd2 Nbd7 11. Nf4 Re8 12. b4 Qd8 13. Rfd1 Ne4 14. Nf3 Nd6 15. c5 Nc4 16. e3 g5 17. Nd3 h5 18. h4 gxh4 19. Nxh4 Qg5 20. Nf4 Nf6 21. Bf1 b5 22. cxb6 Nxb6 23. Nh3 Qh6 24. Qxc6 Bd7 25. Qd6 e5 26. dxe5 Re6 27. Qc5 Rxe5 28. Qc7 Re4 29. Bd3 Rxh4 30. gxh4 Ne4 31. Qf4 Qg7+ 32. Kh2 Nf6 33. Qg5 Ng4+ 34. Kg3 Rc8 35. Rac1 Rxc1 36. Rxc1 Ne5 37. Qxg7+ Kxg7 38. Be2 Nec4 39. Nf4 Nxa3 40. Rc7 Kf6 41. Rxa7 Nc2 42. Ra6 1-0

[Event "Rio de Janeiro Borensztajn op 3rd"]
[Site "Rio de Janeiro"]
[Date "2015.06.27"]
[Round "4"]
[White "Dos Reis, Alexandre Magno Per"]
[Black "Toth, Peter"]
[Result "1/2-1/2"]
[WhiteElo "1931"]
[BlackElo "2154"]
[PlyCount "34"]
[EventDate "2015.06.25"]
[EventType "swiss"]
[EventRounds "7"]
[EventCountry "BRA"]
[SourceTitle "CBM 167 Extra"]
[Source "ChessBase"]
[SourceDate "2015.09.14"]
[SourceVersion "1"]
[SourceVersionDate "2015.09.14"]
[SourceQuality "1"]

1. c4 Nf6 2. Nc3 e5 3. d3 Nc6 4. g3 d5 5. cxd5 Nxd5 6. Bg2 Be6 7. Nf3 Be7 8. 0-0 0-0 9. a3 a5 10. Qc2 h6 11. Nxd5 Bxd5 12. Be3 Re8 13. Rac1 Bd6 14. Nd2 Bxg2 15. Kxg2 Nd4 16. Bxd4 exd4 17. Rfe1 c6 1/2-1/2

[Event "Botafogo Fexerj op"]
[Site "Botafogo"]
[Date "2015.01.23"]
[Round "2"]
[White "Barbosa, Rayssa A Ichimura G"]
[Black "Dos Reis, Alexandre Magno Per"]
[Result "1-0"]
[WhiteElo "1368"]
[BlackElo "2022"]
[PlyCount "74"]
[EventDate "2015.01.23"]
[EventType "swiss"]
[EventRounds "6"]
[EventCountry "BRA"]
[SourceTitle "CBM 164 Extra"]
[Source "ChessBase"]
[SourceDate "2015.03.02"]
[SourceVersion "1"]
[SourceVersionDate "2015.03.02"]
[SourceQuality "1"]

1. e4 e5 2. Nf3 d6 3. d4 Nd7 4. Nc3 Be7 5. Bc4 c6 6. 0-0 b5 7. Bb3 Ngf6 8. a4 b4 9. Na2 a5 10. Re1 0-0 11. Bg5 Qc7 12. Nc1 h6 13. Bh4 Ba6 14. c4 bxc3 15. bxc3 Rab8 16. Rb1 Nb6 17. Nd3 exd4 18. cxd4 Bc4 19. Nf4 g5 20. Nxg5 hxg5 21. Bxg5 Nh7 22. Bh6 Kh8 23. Bxf8 Rxf8 24. Re3 Bg5 25. Qg4 d5 26. e5 Bxf4 27. Qxf4 Bxb3 28. Rbxb3 Rg8 29. Rh3 Rg7 30. Rbg3 Rxg3 31. Qxg3 Qd8 32. Qf4 Nd7 33. Qf5 Ndf8 34. Qxf7 Qg5 35. Qxf8+ Qg8 36. Rxh7+ Kxh7 37. Qxg8+ Kxg8 1-0

[Event "Botafogo Fexerj op"]
[Site "Botafogo"]
[Date "2015.01.23"]
[Round "1"]
[White "Dos Reis, Alexandre Magno Per"]
[Black "De Melo Barbosa, Eduardo Galvao"]
[Result "0-1"]
[WhiteElo "2022"]
[BlackElo "1813"]
[PlyCount "120"]
[EventDate "2015.01.23"]
[EventType "swiss"]
[EventRounds "6"]
[EventCountry "BRA"]
[SourceTitle "CBM 164 Extra"]
[Source "ChessBase"]
[SourceDate "2015.03.02"]
[SourceVersion "1"]
[SourceVersionDate "2015.03.02"]
[SourceQuality "1"]

1. c4 g6 2. Nc3 c6 3. g3 Bg7 4. Bg2 d6 5. d3 Nd7 6. Rb1 Ngf6 7. Bg5 0-0 8. e3 h6 9. Bxf6 Bxf6 10. Nge2 Qc7 11. 0-0 Ne5 12. f4 Ng4 13. Qd2 h5 14. h3 Nh6 15. e4 Be6 16. f5 Nxf5 17. exf5 Bxf5 18. Rxf5 gxf5 19. Qh6 Bg7 20. Qxh5 e6 21. Qg5 Qd8 22. Qh5 Qf6 23. Rf1 Qg6 24. Qf3 Kh7 25. Nf4 Bd4+ 26. Kh2 Qg7 27. g4 fxg4 28. hxg4 Qh6+ 29. Kg3 Kg8 30. Rh1 Qg7 31. Qe4 Be5 32. Nce2 Rae8 33. d4 f5 34. Qf3 Bxd4 35. Nxd4 Qxd4 36. gxf5 Rxf5 37. Qg4+ Qg7 38. Ng6 Kf7 39. Be4 Qxg6 40. Bxf5 exf5 41. Qxg6+ Kxg6 42. Kf3 Re4 43. b3 Kf6 44. Rh6+ Ke5 45. Rh7 b5 46. cxb5 cxb5 47. Rxa7 b4 48. Re7+ Kd4 49. Rf7 Re1 50. Kf2 Ra1 51. Ra7 Kc3 52. Rc7+ Kb2 53. Rc4 Rxa2 54. Ke1 Kxb3 55. Rd4 Rc2 56. Rxd6 Kb2 57. Kd1 b3 58. Rd4 Ka1 59. Rf4 Ra2 60. Rf1 b2 0-1

[Event "Juiz de Fora op"]
[Site "Juiz de Fora"]
[Date "2014.09.27"]
[Round "4"]
[White "Dos Reis, Alexandre Magno Per"]
[Black "Ferreira, Jose Carlos"]
[Result "1/2-1/2"]
[WhiteElo "1810"]
[BlackElo "1884"]
[PlyCount "49"]
[EventDate "2014.09.26"]
[EventType "swiss"]
[EventRounds "6"]
[EventCountry "BRA"]
[SourceTitle "CBM 162 Extra"]
[Source "ChessBase"]
[SourceDate "2014.10.17"]
[SourceVersion "1"]
[SourceVersionDate "2014.10.17"]
[SourceQuality "1"]

1. c4 f5 2. g3 Nf6 3. Bg2 g6 4. Nc3 d6 5. d3 Bg7 6. Bg5 c6 7. Qd2 Nbd7 8. Nf3 Ng4 9. h3 Nge5 10. Nxe5 Nxe5 11. Bh6 Bf6 12. 0-0 Nf7 13. h4 Nxh6 14. Qxh6 Kf7 15. Rab1 Bd7 16. Rfd1 e5 17. e4 Qf8 18. Qxf8+ Raxf8 19. b4 f4 20. Bf3 fxg3 21. fxg3 Kg7 22. Kg2 Kf7 23. b5 Rhg8 24. bxc6 bxc6 25. Be2 1/2-1/2

[Event "Juiz de Fora op"]
[Site "Juiz de Fora"]
[Date "2014.09.27"]
[Round "3"]
[White "Rezende, Guilherme Vilela"]
[Black "Dos Reis, Alexandre Magno Per"]
[Result "1-0"]
[WhiteElo "2101"]
[BlackElo "1810"]
[PlyCount "58"]
[EventDate "2014.09.26"]
[EventType "swiss"]
[EventRounds "6"]
[EventCountry "BRA"]
[SourceTitle "CBM 162 Extra"]
[Source "ChessBase"]
[SourceDate "2014.10.17"]
[SourceVersion "1"]
[SourceVersionDate "2014.10.17"]
[SourceQuality "1"]

1. d4 f5 2. Nf3 Nf6 3. Bf4 e6 4. e3 d5 5. Bd3 Bd6 6. Nbd2 0-0 7. 0-0 Qe7 8. Re1 b6 9. c4 Ba6 10. Rc1 Ne4 11. a3 Nd7 12. b4 c5 13. Bxd6 Qxd6 14. Qb3 Kh8 15. Red1 Nxd2 16. Rxd2 cxd4 17. Nxd4 dxc4 18. Bxc4 Bxc4 19. Qxc4 e5 20. Nf3 Qe7 21. Qc7 Rfd8 22. Rcd1 e4 23. Rxd7 Rxd7 24. Rxd7 Qf6 25. Nd4 a5 26. b5 f4 27. Qc6 Qf8 28. Ne6 Qe8 29. Nc7 fxe3 1-0

[Event "Rio de Janeiro Estadual op"]
[Site "Rio de Janeiro"]
[Date "2014.08.03"]
[Round "3"]
[White "Dos Reis, Alexandre Magno Per"]
[Black "Medeiros Jr, Jorge Luiz Cabral"]
[Result "1/2-1/2"]
[WhiteElo "1973"]
[BlackElo "2282"]
[PlyCount "97"]
[EventDate "2014.08.02"]
[EventType "swiss"]
[EventRounds "6"]
[EventCountry "BRA"]
[SourceTitle "CBM 162 Extra"]
[Source "ChessBase"]
[SourceDate "2014.10.17"]
[SourceVersion "1"]
[SourceVersionDate "2014.10.17"]
[SourceQuality "1"]

1. c4 e6 2. d3 d5 3. g3 Nf6 4. Bg2 c6 5. Qc2 Be7 6. a3 a5 7. b3 0-0 8. Bb2 Re8 9. e3 Nbd7 10. Ne2 Bf8 11. 0-0 b6 12. Nd2 Bb7 13. Rfd1 Rc8 14. Rac1 e5 15. Qb1 Bd6 16. Nf3 Qe7 17. Qa1 Nc5 18. Qa2 e4 19. Bxf6 Qxf6 20. dxe4 dxe4 21. Ne1 h5 22. Nd4 h4 23. Bh3 Rcd8 24. b4 axb4 25. axb4 Na6 26. b5 cxb5 27. cxb5 Nc5 28. Nc6 Ra8 29. Qd5 Bc7 30. Qf5 Qh6 31. Bf1 hxg3 32. hxg3 Bxc6 33. bxc6 Qxc6 34. Bc4 Qf6 35. Rd5 Qxf5 36. Rxf5 Re7 37. Rd1 g6 38. Rf6 Kg7 39. Rc6 Ra4 40. Rc1 Rb4 41. Ba2 Rb2 42. Bc4 Be5 43. Rd1 Ra7 44. Ng2 Ra4 45. Bd5 Rab4 46. Nf4 Rc2 47. Nh3 Rbb2 48. g4 f6 49. Ra1 1/2-1/2